000
00311 a2200145 4500
001
60049
020
_a
8572780998
040
_c
Anchieta - Pituba
240
1
0
_a
Colóquio Jorge Amado
_l
por
245
1
0
_a
Colóquio Jorge Amado
300
_a
171
362
0
_a
2006
650
4
_a
Ficção brasileira
942
_c
BK
999
_c
60049
_d
60049